| 000 | 00560nam a2200193Ia 4500 | ||
|---|---|---|---|
| 005 | 20260601193256.0 | ||
| 008 | 260601s9999||||xx |||||||||||||| ||und|| | ||
| 020 |
_a978-981-97-3954-7 _qebk |
||
| 100 | _aYu Geng | ||
| 245 | 0 | _aPractical Machine Learning Illustrated with KNIME | |
| 250 | _a2024 | ||
| 260 |
_aHeidelberg, Germany _bSpringer Nature _c2024 |
||
| 650 | _aComputer Science | ||
| 700 | _aGeng Yang | ||
| 700 | _aQin Li | ||
| 700 | _aWan Qiu | ||
| 856 | _uhttps://link.springer.com/openurl?genre=book&isbn=978-981-97-3954-7 | ||
| 942 |
_cEB _2ddc |
||
| 999 |
_c56861 _d56861 |
||